The Authority and Liability of the Bankruptcy Trustee Based on the Second Hungarian Bankruptcy Act of 1881

Elmentve itt :
Bibliográfiai részletek
Szerző: Pétervári Máté
Dokumentumtípus: Cikk
Megjelent: 2024
Sorozat:KRAKOWSKIE STUDIA Z HISTORII PANSTWA I PRAWA 17 No. 3
Tárgyszavak:
doi:10.4467/20844131KS.24.024.21008

mtmt:35997932
Online Access:http://publicatio.bibl.u-szeged.hu/36972
LEADER 00779nab a2200205 i 4500
001 publ36972
005 20250612124346.0
008 250612s2024 hu o 000 eng d
022 |a 2084-4115 
024 7 |a 10.4467/20844131KS.24.024.21008  |2 doi 
024 7 |a 35997932  |2 mtmt 
040 |a SZTE Publicatio Repozitórium  |b hun 
041 |a eng 
100 1 |a Pétervári Máté 
245 1 4 |a The Authority and Liability of the Bankruptcy Trustee Based on the Second Hungarian Bankruptcy Act of 1881  |h [elektronikus dokumentum] /  |c  Pétervári Máté 
260 |c 2024 
300 |a 311-325 
490 0 |a KRAKOWSKIE STUDIA Z HISTORII PANSTWA I PRAWA  |v 17 No. 3 
650 4 |a Jogtudomány 
856 4 0 |u http://publicatio.bibl.u-szeged.hu/36972/1/4_Petervari_KSzHPiP_17-3-2024.pdf  |z Dokumentum-elérés